000 00569nam a2200229Ia 4500
003 OSt
005 20220918231045.0
006 a|||||r|||| 00| 0
007 ta
008 220917b |||||||| |||| 00| 0 eng d
024 _a262,774
037 _cTextual
040 _aARTS
_cARTS
_beng
041 _2eng
_aeng
082 _aR6941x4:1, K5
100 _aRevat Bhadhant
_9153712
245 0 _aAbhidhammattha Sangaha
260 _c1965
650 _aPHILOSOPHY
942 _hR6941x4:1, K5
_cTEXL
_2CC
999 _c289682
_d289682